Η Ελλάδα στη δεκαετία του '80 : κοινωνικό, πολιτικό και πολιτισμικό λεξικό

Αποθηκεύτηκε σε:
Λεπτομέρειες βιβλιογραφικής εγγραφής
Άλλοι συγγραφείς: Βαμβακάς, Βασίλης (Επιμελητής έκδοσης), Παναγιωτόπουλος, Παναγής (Επιμελητής έκδοσης)
Μορφή: Βιβλίο
Γλώσσα:Greek
Δημοσίευση: Θεσσαλονίκη : Επίκεντρο, 2014
Θέματα:
Ετικέτες: Προσθήκη ετικέτας
Δεν υπάρχουν, Καταχωρήστε ετικέτα πρώτοι!

MARC

LEADER 00000nam a2200000 i 4500
001 1/61030
008 141205s2014 gre d
020 |a 978-960-458-532-8 
035 |l 10119978 
040 |a GR-MY-UA  |b gre  |e aacr 
041 0 |a gre 
082 0 |a 320.9495  |2 (23) 
245 1 2 |a Η Ελλάδα στη δεκαετία του '80 :  |b κοινωνικό, πολιτικό και πολιτισμικό λεξικό /  |c επιστημονική επιμέλεια: Βασίλης Βαμβακάς - Παναγής Παναγιωτόπουλος. 
260 |a Θεσσαλονίκη :   |b Επίκεντρο,   |c 2014 
300 |a 727 σ.;  |c 24 εκ. 
504 |a Περιέχει βιβλιογραφικές παραπομπές και ευρετήριο 
650 0 0 |a Political culture  |z Greece. 
651 0 |a Greece  |x Politics and government  |y 1974- 
651 0 |a Greece  |x Social conditions  |y 1974- 
700 1 |a Βαμβακάς, Βασίλης.  |4 edt 
700 1 |a Παναγιωτόπουλος, Παναγής.  |4 edt 
852 |a INST  |b LESVOS  |c EUDOXUS  |e 20141205  |h 320.9495 ΕΛΛ  |p 005100055663  |q 005100055663  |t EDX  |y 0 
852 |a INST  |b LESVOS  |c EUDOXUS  |e 20150507  |h 320.9495 ΕΛΛ  |p 005100056513  |q 005100056513  |t EDX  |y 0 
852 |a INST  |b LESVOS  |c EUDOXUS  |e 20150507  |h 320.9495 ΕΛΛ  |p 005100056514  |q 005100056514  |t EDX  |y 0 
901 |a BIBL1-2014-3 
909 |a Λ  |b 191210 
920 |a ΕΥΔΟΞΟΣ  |b ΠΑΡΑΓΓΕΛΙΑ  |y ΛΕΣΒΟΣ-ΤΚΑΙ  |z 2014-11 
970 |a ΤΖΑΦΕΡΗ  |b ΕΥΑΓΓΕΛΙΑ  |z 2014/12/05